书目信息 |
| 题名: |
美国城市史研究入门
|
|
| 作者: | 李文硕 著 | |
| 分册: | ||
| 出版信息: | 北京 商务印书馆 2024.12 |
|
| 页数: | 288页 | |
| 开本: | 23cm | |
| 丛书名: | ||
| 单 册: | ||
| 中图分类: | K971.25 | |
| 科图分类: | ||
| 主题词: | 城市史--研究--美国 | |
| 电子资源: | ||
| ISBN: | 978-7-100-24297-4 | |
| 000 | 00945nam0 2200241 450 | |
| 001 | 01022324 | |
| 005 | 20251022204452.98 | |
| 010 | @a978-7-100-24297-4@dCNY78.00 | |
| 100 | @a20250312d2024 em y0chiy0120 ea | |
| 101 | 0 | @achi |
| 102 | @aCN@b110000 | |
| 105 | @ay z 000yy | |
| 106 | @ar | |
| 200 | 1 | @a美国城市史研究入门@9mei guo cheng shi shi yan jiu ru men@f李文硕著 |
| 210 | @a北京@c商务印书馆@d2024.12 | |
| 215 | @a288页@d23cm | |
| 300 | @a城市史研究指南 上海市曙光计划“美国城市史学研究”最终成果 | |
| 330 | @a本书共十讲,以经济、空间与社会为轴心,勾勒出数百年间美国城市的历史风貌。作者首先梳理了美国城市史学的现状,其次以时间为线索,展现了从殖民地时期到当代美国城市的孕育、发展、衰败、复兴全景;在城市化与工业化的不同阶段,美国城市社会呈现出纷繁复杂的面相。 | |
| 606 | 0 | @a城市史@x研究@y美国 |
| 690 | @aK971.25@v5 | |
| 701 | 0 | @a李文硕@9li wen shuo@4著 |
| 801 | 0 | @aCN@c20250910 |
| 905 | @a河南城建学院图书馆@dK971.25@eL286@ZL286@f1 | |
| 美国城市史研究入门/李文硕著.-北京:商务印书馆,2024.12 |
| 288页;23cm |
| 城市史研究指南 上海市曙光计划“美国城市史学研究”最终成果 |
| ISBN 978-7-100-24297-4:CNY78.00 |
| 本书共十讲,以经济、空间与社会为轴心,勾勒出数百年间美国城市的历史风貌。作者首先梳理了美国城市史学的现状,其次以时间为线索,展现了从殖民地时期到当代美国城市的孕育、发展、衰败、复兴全景;在城市化与工业化的不同阶段,美国城市社会呈现出纷繁复杂的面相。 |
| ● |
| 相关链接 |
|
|
|
正题名:美国城市史研究入门
索取号:K971.25/L286
 
预约/预借
| 序号 | 登录号 | 条形码 | 馆藏地/架位号 | 状态 | 备注 |
| 1 | 1633862 | 216338620 | 社科库309/309社科库 29排4列5层/ [索取号:K971.25/L286] | 在馆 |